000 01096cam a2200301 4500
001 6476
003 BD-RjUL
005 20211208234242.0
008 110114s1969 stka b 100 0 eng
035 _a(BD-RjUL)
040 _aDLC
_cDLC
_dDLC
_beng
041 _aeng
082 0 0 _a401.9
_bPSY 1969
111 2 _aEdinburgh University Conference on Psycholinguistics,
_d1969
_920385
245 1 0 _aPsycholinguistics papers;
_bthe proceedings of the 1966 Edinburgh Conference /
_cedited by J. Lyons and R. J. Wales.
260 _aEdinburgh,
_bEdinburgh U.P.
_c1966 [Reprinted 1969]
300 _a[9], 243 p.
_btables, diagr.
_c21 1/2 cm.
500 _a"Sponsored by the Research Board of the Faculty of Social Sciences."
504 _aBibliography: p. 223-239.
650 0 _aPsycholinguistics.
_95297
650 0 _aLinguistics.
_920386
700 1 _aLyons, John,
_d1932-
_eed.
_920387
700 1 _aWales, Roger J.,
_eed.
_920388
710 2 _aUniversity of Edinburgh.
_bFaculty of Social Sciences.
_bResearch Board.
_920389
942 _2ddc
_cBK
999 _c6476
_d6476